Identidades sociales en Guatemala /

Zapisane w:
Opis bibliograficzny
1. autor: Pedroni, Guillermo
organizacja autorów: FLACSO (Guatemala), CSUCA
Kolejni autorzy: Solares, Jorge
Format: Texto
Wydane: Guatemala: FLACSO
Etykiety: Dodaj etykietę
Nie ma etykietki, Dołącz pierwszą etykiete!

MARC

LEADER 00000 a a2200000 04500
001 22738
003
040
090 |a 156200  
100 |a Pedroni, Guillermo  
110 |a FLACSO (Guatemala)  
245 |a Identidades sociales en Guatemala /  |c FLACSO (Guatemala)  
260 |a Guatemala:   |b FLACSO  
300 |a 32 p  
700 |a Solares, Jorge  
710 |a CSUCA  
999 |c 16305  |d 16305